| 000 | 00809cam a2200253 i 4500 | ||
|---|---|---|---|
| 003 | OSt | ||
| 005 | 20230627103733.0 | ||
| 006 | |||
| 008 | 160620s2016 mdu ob 000 0 eng | ||
| 020 | _z9781442239555 | ||
| 040 | _cNIRUC | ||
| 050 | 0 | 0 |
_aJZ6009 _b.A357M48 |
| 100 | 1 | _aMetelits, Claire | |
| 245 | 1 | 0 |
_aSecurity in Africa : _ba critical approach to western indicators of threat / _cClaire Metelits |
| 260 |
_aLanham _bRowman and littlefield _c2016 |
||
| 300 | _axi, 141 p. | ||
| 504 | _aIncludes bibliographical references | ||
| 650 | 0 |
_aSecurity, International _zAfrica, Sub-Saharan |
|
| 650 | 0 |
_aFailed states _zAfrica, Sub-Saharan |
|
| 650 | 0 |
_aMuslims _zAfrica, Sub-Saharan |
|
| 650 | 0 |
_aPoverty _zAfrica, Sub-Saharan |
|
| 650 | 0 |
_aPolitical stability _zAfrica, Sub-Saharan |
|
| 942 |
_2lcc _cBK _n0 |
||
| 999 |
_c285 _d285 |
||